| Tag |
First Indicator |
Second Indicator |
Subfields |
| LEADER |
00000cas a2200000 a 4500 |
| 001 |
in00000017144 |
| 005 |
20151007053407.0 |
| 008 |
870626c19889999ncuqr1p 0 a0eng d |
| 010 |
|
|
|a 88649155
|z sn 87002402
|
| 012 |
|
|
|a 2
|i 8812
|j 0
|k 1
|l 1
|m 1
|
| 016 |
7 |
|
|a 9883393
|2 DNLM
|
| 016 |
7 |
|
|a SR0062176
|2 DNLM
|
| 022 |
0 |
|
|a 0894-4393
|
| 032 |
|
|
|a 748650
|b USPS
|
| 035 |
|
|
|a (OCoLC)ocm16077884
|
| 035 |
|
|
|a (OCoLC)16077884
|
| 035 |
|
|
|9 AAB1500AM
|
| 037 |
|
|
|b Journals Fulfillment, Duke University Press, 6697 College Station, Durham, NC 27708
|
| 040 |
|
|
|a NSD
|c NSD
|d NST
|d HUL
|d DLC
|d NST
|d DLC
|d IUL
|d NST
|d EYM
|d NST
|d NSD
|d OCL
|d NST
|d GUA
|d OCL
|d SYS
|d CUS
|d NLM
|d OCLCQ
|d UtOrBLW
|
| 042 |
|
|
|a nsdp
|a lc
|
| 049 |
|
|
|a TXAM
|
| 050 |
0 |
0 |
|a H61.3
|b .S616
|
| 082 |
0 |
0 |
|a 300/.28/5
|2 19
|
| 210 |
0 |
|
|a Soc. sci. comput. rev.
|
| 222 |
|
0 |
|a Social science computer review
|
| 245 |
0 |
0 |
|a Social science computer review.
|
| 246 |
1 |
3 |
|a SSCORE
|
| 264 |
|
1 |
|a [Durham, N.C.] :
|b Duke University Press,
|c [1988-]
|
| 264 |
|
4 |
|c ©1988-
|
| 300 |
|
|
|a volumes :
|b illustrations ;
|c 25 cm.
|
| 310 |
|
|
|a Quarterly
|
| 336 |
|
|
|a text
|b txt
|2 rdacontent
|
| 337 |
|
|
|a unmediated
|b n
|2 rdamedia
|
| 338 |
|
|
|a volume
|b nc
|2 rdacarrier
|
| 362 |
0 |
|
|a Vol. 6, no. 1 (spring 1988)-
|
| 500 |
|
|
|a Title from cover.
|
| 530 |
|
|
|a Also available via World Wide Web via OCLC FirstSearch Electronic Collections Online and SwetsWise;
|c Subscription required for access to abstracts and full text.
|
| 550 |
|
|
|a Produced by: Social Science Research and Instructional Computing Laboratory of North Carolina State University.
|
| 650 |
|
0 |
|a Social sciences
|x Data processing
|v Periodicals.
|
| 650 |
|
0 |
|a Microcomputers
|v Periodicals.
|
| 710 |
2 |
|
|a North Carolina State University.
|b Social Science Research and Instructional Computing Laboratory.
|
| 776 |
1 |
|
|t Social science computer review (Online)
|w (OCoLC)41212955
|
| 780 |
0 |
0 |
|t Social science microcomputer review
|x 0885-0011
|w (DLC) 88649183
|w (OCoLC)12234411
|
| 850 |
|
|
|a AAP
|a AU
|a ArU
|a AzTeS
|a CLSU
|a CSt
|a CU-I
|a CU-Riv
|a CU-S
|a CaBVaU
|a CaOONL
|a CaOTU
|a CoU
|a CtY-SSE
|a DGW
|a DLC
|a DeU
|a FU
|a GU
|a IEN
|a IaAS
|a IaU
|a InU
|a KMK
|a KyLoU
|a MH
|a MH-SR
|a MdU
|a MiDW
|a MiU
|a MsU
|a MoU
|a NBC
|a NBuU
|a NCH
|a NIC
|a NN
|a NNC
|a NRU
|a NSyU
|a NcD
|a NcRS
|a NcU
|a NjR
|a OCU
|a OU
|a PBL
|a PPiC
|a PPiD
|a PU
|a TU
|a TxCM
|a TxHR
|a WaU
|a WvU
|
| 891 |
0 |
0 |
|9 853
|8 1
|a v.
|b no.
|i (year)
|j (season)
|
| 891 |
4 |
0 |
|9 863
|8 1
|a <6>-
|i <1988>-
|x provisional
|
| 936 |
|
|
|a Vol. 6, no. 4 (winter 1988) LIC
|
| 949 |
|
|
|a AM_DB_MFHD URL added
|b h
|c 2003/11/26
|d c
|e rstovall5
|f 11:38:18 am
|
| 994 |
|
|
|a E0
|b TXA
|
| 999 |
|
|
|a MARS
|
| 999 |
f |
f |
|s 7b071b6c-6be3-35f0-b912-1ca411b1db42
|i 531cb1a7-6f27-3366-bda1-aaf4a0447ad0
|t 0
|
| 952 |
f |
f |
|p ric
|a Texas A&M University
|b Rellis Campus
|c Joint Library Facility
|d Remote Storage
|t 0
|e H61.3 .P64
|h Library of Congress classification
|i unmediated -- volume
|k v.22
|l 2004
|m A14833719279
|
| 952 |
f |
f |
|p ric
|a Texas A&M University
|b Rellis Campus
|c Joint Library Facility
|d Remote Storage
|t 0
|e H61.3 .P64
|h Library of Congress classification
|i unmediated -- volume
|k v.15
|l 1997
|m A14822182435
|
| 952 |
f |
f |
|p ric
|a Texas A&M University
|b Rellis Campus
|c Joint Library Facility
|d Remote Storage
|t 0
|e H61.3 .P64
|h Library of Congress classification
|i unmediated -- volume
|k v.17
|l 1999
|m A14826427015
|
| 952 |
f |
f |
|p ric
|a Texas A&M University
|b Rellis Campus
|c Joint Library Facility
|d Remote Storage
|t 0
|e H61.3 .P64
|h Library of Congress classification
|i unmediated -- volume
|k v.13
|l 1995
|m A14819984763
|
| 952 |
f |
f |
|p ric
|a Texas A&M University
|b Rellis Campus
|c Joint Library Facility
|d Remote Storage
|t 0
|e H61.3 .P64
|h Library of Congress classification
|i unmediated -- volume
|k v.21
|l 2003
|m A14831486503
|
| 952 |
f |
f |
|p ric
|a Texas A&M University
|b Rellis Campus
|c Joint Library Facility
|d Remote Storage
|t 0
|e H61.3 .P64
|h Library of Congress classification
|i unmediated -- volume
|k v.14
|l 1996
|m A14820733298
|
| 952 |
f |
f |
|p ric
|a Texas A&M University
|b Rellis Campus
|c Joint Library Facility
|d Remote Storage
|t 0
|e H61.3 .P64
|h Library of Congress classification
|i unmediated -- volume
|k v.8
|l 1990
|m A14814354086
|
| 952 |
f |
f |
|p ric
|a Texas A&M University
|b Rellis Campus
|c Joint Library Facility
|d Remote Storage
|t 0
|e H61.3 .P64
|h Library of Congress classification
|i unmediated -- volume
|k v.7
|l 1989
|m A14814354133
|
| 952 |
f |
f |
|p ric
|a Texas A&M University
|b Rellis Campus
|c Joint Library Facility
|d Remote Storage
|t 0
|e H61.3 .P64
|h Library of Congress classification
|i unmediated -- volume
|k v.19
|l 2001
|m A14828560322
|
| 952 |
f |
f |
|p ric
|a Texas A&M University
|b Rellis Campus
|c Joint Library Facility
|d Remote Storage
|t 0
|e H61.3 .P64
|h Library of Congress classification
|i unmediated -- volume
|k v.11
|l 1993
|m A14817882038
|
| 952 |
f |
f |
|p ric
|a Texas A&M University
|b Rellis Campus
|c Joint Library Facility
|d Remote Storage
|t 0
|e H61.3 .P64
|h Library of Congress classification
|i unmediated -- volume
|k v.9
|l 1991
|m A14815689557
|
| 952 |
f |
f |
|p ric
|a Texas A&M University
|b Rellis Campus
|c Joint Library Facility
|d Remote Storage
|t 0
|e H61.3 .P64
|h Library of Congress classification
|i unmediated -- volume
|k v.10
|l 1992
|m A14817192310
|
| 952 |
f |
f |
|p ric
|a Texas A&M University
|b Rellis Campus
|c Joint Library Facility
|d Remote Storage
|t 0
|e H61.3 .P64
|h Library of Congress classification
|i unmediated -- volume
|k v.12
|l 1994
|m A14819074916
|
| 952 |
f |
f |
|p ric
|a Texas A&M University
|b Rellis Campus
|c Joint Library Facility
|d Remote Storage
|t 0
|e H61.3 .P64
|h Library of Congress classification
|i unmediated -- volume
|k v.20
|l 2002
|m A14830964396
|
| 952 |
f |
f |
|p ric
|a Texas A&M University
|b Rellis Campus
|c Joint Library Facility
|d Remote Storage
|t 0
|e H61.3 .P64
|h Library of Congress classification
|i unmediated -- volume
|k v.6
|l 1988
|m A14814354183
|
| 952 |
f |
f |
|p ric
|a Texas A&M University
|b Rellis Campus
|c Joint Library Facility
|d Remote Storage
|t 0
|e H61.3 .P64
|h Library of Congress classification
|i unmediated -- volume
|k v.18
|l 2000
|m A14828560241
|
| 952 |
f |
f |
|p ric
|a Texas A&M University
|b Rellis Campus
|c Joint Library Facility
|d Remote Storage
|t 0
|e H61.3 .P64
|h Library of Congress classification
|i unmediated -- volume
|k v.16:no.2-4
|l 1998:Summer-Winter
|m A14825383666
|
| 998 |
f |
f |
|a H61.3 .P64
|s v.17-22 (1999-2004)
|t 0
|l Remote Storage
|